The coming defeat of communism

保存先:
書誌詳細
第一著者: Burnham, James
フォーマット: 図書
言語:Undetermined
出版事項: New York J. Day 1950
主題:
タグ: タグ追加
タグなし, このレコードへの初めてのタグを付けませんか!
Thư viện lưu trữ: Trung tâm Học liệu Trường Đại học Cần Thơ
LEADER 00520nam a2200205Ia 4500
001 CTU_77622
008 210402s9999 xx 000 0 und d
082 |a 335.4 
082 |b B963 
100 |a Burnham, James 
245 4 |a The coming defeat of communism 
245 0 |c James Burnham 
260 |a New York 
260 |b J. Day 
260 |c 1950 
650 |a Communism,World politics 
650 |x History 
650 |y 1945-1955 
904 |i Nguyên 
980 |a Trung tâm Học liệu Trường Đại học Cần Thơ